El huésped y la melancolía : (1944-1946) /

Guardado en:
Autor Principal: Molinari, Ricardo E.
Formato: Libro
Publicado: Buenos Aires : Emecé, 1946
Materias:
Etiquetas: Agregar Etiqueta
Sin Etiquetas, Sea el primero en etiquetar este registro!
LEADER 00630nam a22002055a 4500
001 CEM.cems004482
005 20110506222211.0
008 130507s1946##################000#0#####d
003 CEMS
082 0 4 |a A861.3 
100 1 |a Molinari, Ricardo E. 
245 1 0 |a El huésped y la melancolía :  |b (1944-1946) /  |c Ricardo E. Molinari 
260 |a Buenos Aires :  |b Emecé,  |c 1946 
300 |a 114 p. 
505 0 |a Oda a la nostalgia -- Oda a un día d verano -- Oda 
653 |a Literatura 
653 |a Literatura argentina 
653 |a Poesías 
653 |a Poesía argentina 
859 |a CEMS  |b BIB. CEMS - 11 de abril  |h A861.3  |i M734  |p 8546.80  |t Ej.1